[Event "24th ECC"]
[Site "Kallithea GRE"]
[Date "2008.10.20"]
[Round "4"]
[White "Grabliauskas,V"]
[Black "Arngrimsson,D"]
[Result "1-0"]
[WhiteElo "2427"]
[BlackElo "2392"]

1.d4 d5 2.c4 c6 3.Nc3 Nf6 4.e3 e6 5.Nf3 Nbd7 6.Qc2 Bd6 7.Bd3 dxc4 8.Bxc4 O-O
9.O-O e5 10.a3 Qe7 11.h3 Bc7 12.Ba2 h6 13.Nh4 Kh8 14.Nf5 Qd8 15.Rd1 g6 16.Nxh6 Kg7
17.e4 exd4 18.Ne2 Qe7 19.Nxd4 Qe5 20.Nxf7 Qh2+ 21.Kf1 Rxf7 22.Ne6+ Kh8 23.Nxc7 Re7
24.Nxa8 Nxe4 25.Be3 Ndf6 26.Rd8+ Kg7 27.Rxc8 Qh1+ 28.Ke2 Qxg2 29.Rc7 Nd7
30.Be6 Ng3+ 31.Kd2 Rxe6 32.Rxd7+ Kf8 33.Qc5+ Ke8 34.Qd4  1-0

[Event "24th ECC"]
[Site "Kallithea GRE"]
[Date "2008.10.20"]
[Round "4"]
[White "Wiersma,E"]
[Black "Godena,M"]
[Result "1/2-1/2"]
[WhiteElo "2414"]
[BlackElo "2517"]

1.d4 d5 2.c4 e6 3.Nc3 c6 4.Nf3 Nf6 5.e3 a6 6.b3 Bb4 7.Bd2 Nbd7 8.Bd3 O-O
9.O-O Bd6 10.e4 dxc4 11.bxc4 e5 12.c5 Bc7 13.Na4 exd4 14.h3 Re8 15.Re1 h6
16.Rb1 Nh7 17.Rb3 Nhf8 18.Bb1 Ng6 19.Bc1 Ba5 20.Rf1 Nf6 21.Rd3 Rxe4 22.Nxd4 Nd5
23.Rg3 Nc3 24.Nxc3 Rxd4 25.Qe2 Bxc3 26.Rxc3 Rd5 27.Be4 Re5 28.Qc2 Qe8 29.f3 Be6
30.f4 Bb3 31.Qxb3 Rxe4 32.Qxb7 Re7 33.Qb2 Rb8 34.Qf2 Re2  1/2-1/2

[Event "24th ECC"]
[Site "Kallithea GRE"]
[Date "2008.10.20"]
[Round "4"]
[White "Moiseenko,A1"]
[Black "Malikentzos,S"]
[Result "1-0"]
[WhiteElo "2678"]
[BlackElo "2144"]

1.d4 d5 2.c4 c6 3.Nc3 Nf6 4.Nf3 e6 5.e3 Nbd7 6.Bd3 dxc4 7.Bxc4 b5 8.Bd3 a6
9.a4 b4 10.Ne4 Bb7 11.O-O c5 12.Nxf6+ Nxf6 13.dxc5 Bxc5 14.Qe2 O-O 15.e4 e5
16.Bg5 Re8 17.Rac1 Be7 18.Rfd1 Qa5 19.Nd2 Qxa4 20.Nc4 Rad8 21.b3 Qxb3 22.Na5 Qa3
23.Nxb7 Rb8 24.Bxf6 gxf6 25.Bxa6 b3 26.Rc3 Qb4 27.Rh3 Bf8 28.Qh5  1-0

[Event "WYCC Boys U16"]
[Site "Vung Tau City VIE"]
[Date "2008.10.20"]
[Round "1"]
[White "Jorczik,J"]
[Black "Ong,Wah"]
[Result "1-0"]
[WhiteElo "2382"]
[BlackElo "1766"]

1.d4 d5 2.c4 c6 3.Nf3 Nf6 4.Nc3 e6 5.e3 Nbd7 6.Qc2 Bd6 7.g4 h6 8.Rg1 g5 9.Bd2 dxc4
10.Bxc4 b5 11.Be2 Bb7 12.e4 Be7 13.O-O-O b4 14.Na4 c5 15.Nxc5 Nxc5 16.dxc5 Qa5
17.c6 Rc8 18.Nd4 Qxa2 19.Bb5 Qa1+ 20.Qb1 Qa5 21.Qd3 Qa1+ 22.Kc2 Qa5 23.Kb1 Ba8
24.f4 O-O 25.fxg5 hxg5 26.Bxg5 a6 27.e5 Nd5 28.Bxe7 Nxe7 29.Bxa6 Rcd8 30.Qb5 Qc7
31.Bb7 Rd5 32.Qxb4 Rb8 33.Qc3 Bxb7 34.cxb7 Qxb7 35.Rd2 Rbd8 36.Rgd1 Rc8 37.Qe3 Qa6
38.Nc2 Qa4 39.b3 Qa5 40.Qg5+ Kf8 41.Qf4 Ra8 42.Rf1 f5 43.Rxd5 Qxd5 44.Qf3 Qa5
45.gxf5 Nxf5 46.Qc6 Ra6 47.Qc8+ Ke7 48.Rd1 Ra7 49.Qh8 Qa2+ 50.Kc1 Qa5 51.Qf6+ Ke8
52.Qxe6+ Ne7 53.Rg1 Kf8 54.Qf6+ Ke8 55.e6 Qh5 56.Rf1 Ng6 57.Qd4 Qg5+ 58.Kb1 Rc7
59.Qa4+ Kd8 60.Qa8+  1-0

[Event "TCh-CHN Torch Real Estate Cup"]
[Site "Jiangsu Wuxi CHN"]
[Date "2008.10.21"]
[Round "9"]
[White "Lou Yiping"]
[Black "Yu Yangyi"]
[Result "1/2-1/2"]
[WhiteElo "2318"]
[BlackElo "2356"]

1.d4 d5 2.c4 e6 3.Nc3 Nf6 4.e3 c6 5.Nf3 Nbd7 6.b3 Bd6 7.Bb2 O-O 8.Be2 b6
9.O-O Bb7 10.Qc2 Qe7 11.Rad1 Rfe8 12.Rfe1 Rad8 13.e4 dxe4 14.Nxe4 Nxe4 15.Qxe4 Nf6
16.Qc2 Bb4 17.Rf1 Ba3 18.Bxa3 Qxa3  1/2-1/2

[Event "24th ECC"]
[Site "Kallithea GRE"]
[Date "2008.10.21"]
[Round "5"]
[White "Lichmann,P"]
[Black "Malikentzos,S"]
[Result "1-0"]
[WhiteElo "2389"]
[BlackElo "2144"]

1.d4 d5 2.c4 c6 3.Nf3 Nf6 4.Nc3 e6 5.e3 Nbd7 6.Qc2 b6 7.Bd3 Bb7 8.O-O dxc4
9.Bxc4 c5 10.e4 cxd4 11.Nxd4 Rc8 12.Qa4 a6 13.e5 b5 14.Ncxb5 axb5 15.Bxb5 Nd5
16.Bg5 Be7 17.Bxe7 Nxe7 18.Qa7 Bc6 19.Nxc6 Nxc6 20.Qa4 Ne7 21.Rac1 Rb8 22.Rfd1 Nd5
23.Bc6 Qe7 24.Bxd5 exd5 25.Rxd5 Rd8 26.Rcd1 Qe6 27.Rd6 Qe7 28.Qc6 O-O 29.Rxd7 Rxd7
30.Qxd7 Qxe5 31.Qd4 Qe2 32.h3 h6 33.a4 Rb8 34.Rd2 Qe1+ 35.Kh2 Rc8 36.a5 Rc6
37.Qd8+ Kh7 38.Qd3+ Rg6 39.b4 Qe5+ 40.g3 f5 41.a6 f4 42.a7 Qa1 43.h4 fxg3+
44.fxg3 h5 45.Qf3 Qxa7 46.Qxh5+  1-0

[Event "24th ECC"]
[Site "Kallithea GRE"]
[Date "2008.10.21"]
[Round "5"]
[White "Mitkov,M"]
[Black "Sodoma,J"]
[Result "0-1"]
[WhiteElo "2372"]
[BlackElo "2358"]

1.d4 d5 2.c4 c6 3.Nc3 Nf6 4.e3 e6 5.Nf3 Nbd7 6.Qc2 Bd6 7.Be2 O-O 8.b3 e5
9.cxd5 cxd5 10.dxe5 Nxe5 11.Bb2 Bg4 12.Nd4 Rc8 13.h3 Bxe2 14.Ndxe2 Ne4 15.O-O Qh4
16.f4 Nxc3 17.Bxc3 Nc6 18.Qd2 Bc5 19.Rf3 Rfe8 20.Kh2 Qe7 21.Qxd5 Rcd8 22.Qc4 Bxe3
23.Ng3 Nd4 24.Bxd4 Bxd4 25.Rd1 Bb6 26.Nf5 Qf6 27.Rxd8 Rxd8 28.Qe4 Qe6 29.Qxe6 fxe6
30.Ng3 Bc7 31.Nf1 Kf7 32.g3 b5 33.Kg2 Bb6 34.Rc3 Rd1 35.Rc2 Ke7 36.Nd2 Rg1+
37.Kf3 Re1 38.Kg2 Re2+ 39.Kf3 Rf2+ 40.Ke4 Re2+ 41.Kf3 Rf2+ 42.Ke4 Ba5 43.Ke3 Rg2
44.g4 Rh2 45.g5 Rxh3+ 46.Nf3 Rh1 47.Ke4 Bb6 48.Rc8 h6 49.Rb8 Rd1 50.gxh6 gxh6
51.Rh8 Ra1 52.Rh7+ Kd6 53.Rxh6 Rxa2 54.Nd4 Bxd4 55.Kxd4 Rd2+ 56.Kc3 Rf2 57.Rh7 a5
58.Rf7 Rf3+ 59.Kc2 Kc5 60.Rf6 Kb4 61.Rxe6 Rf2+ 62.Kb1 Kxb3 63.Re3+ Ka4 64.Re4+ b4
65.Kc1 Ka3 66.Re5 a4 67.f5 b3 68.Rb5 Ka2  0-1

[Event "13th ECC w"]
[Site "Kallithea GRE"]
[Date "2008.10.21"]
[Round "5"]
[White "Porat,Ma"]
[Black "Limontaite,S"]
[Result "1-0"]
[WhiteElo "2167"]
[BlackElo "2197"]

1.d4 d5 2.c4 e6 3.Nc3 c6 4.e3 Nf6 5.Nf3 Nbd7 6.Bd3 dxc4 7.Bxc4 b5 8.Bd3 a6
9.O-O c5 10.e4 cxd4 11.Nxd4 Bb7 12.Bg5 Qb6 13.Nf3 h6 14.Bh4 Nc5 15.Bxf6 gxf6
16.Bc2 Bc6 17.a3 Rd8 18.Qe2 Nd7 19.Rfd1 Ba8 20.Rd2 h5 21.b4 h4 22.h3 Bd6
23.Rad1 Bf4 24.Rd3 Ke7 25.a4 bxa4 26.Bxa4 Nb8 27.Rxd8 Rxd8 28.Rxd8 Qxd8 29.Qc4 Qc7
30.Qd4 Nc6 31.Qc4 Nb8 32.Qd4 Nc6 33.Qc4 Qb6 34.Nxh4 Qxb4 35.Qd3 Qc5 36.Ne2 Bg5
37.Nf3 Bb7 38.g3 Bc1 39.Qb3 Bc8 40.Nxc1 Qxc1+ 41.Kg2 Qc5 42.h4 Kf8 43.Qb2 Kg7
44.g4 e5 45.g5 fxg5 46.Qd2 g4 47.Qg5+ Kf8 48.Qh6+ Ke7 49.Ng5 Nd8 50.Qh8 Bd7
51.Nh7 Nb7 52.Qf8+ Ke6 53.Ng5+ Kf6 54.Qxf7+  1-0

[Event "WYCC Boys U18"]
[Site "Vung Tau City VIE"]
[Date "2008.10.21"]
[Round "2"]
[White "Ton That Nhu Tung"]
[Black "Dissanayake,R"]
[Result "1-0"]
[WhiteElo "2225"]
[BlackElo "2063"]

1.d4 d5 2.c4 e6 3.Nf3 Nf6 4.Nc3 c6 5.e3 Bd6 6.Bd3 O-O 7.O-O Nbd7 8.e4 dxe4
9.Nxe4 Nxe4 10.Bxe4 e5 11.dxe5 Bxe5 12.Nxe5 Nxe5 13.Bxh7+ Kxh7 14.Qh5+ Kg8
15.Qxe5 Re8 16.Qf4 Qd3 17.Be3 Qe4 18.Qxe4 Rxe4 19.b3 Bf5 20.Rad1 Ree8 21.Rd4 Rad8
22.Rfd1 Rxd4 23.Rxd4 b6 24.Kf1 Kf8 25.Ke2 Ke7 26.c5 b5 27.Bf4 Be6 28.Bd6+ Kd7
29.f3 Bxb3+ 30.Kf2 Bxa2 31.Bf8+ Bd5 32.Bxg7 Rg8 33.Bf6 a5 34.h4 Ke6 35.Rf4 Rg6
36.Bc3 b4 37.Bb2 Rh6 38.Kg3 Ba2 39.Rd4 Kf5 40.Kh3 Re6 41.g4+ Kg6 42.h5+ Kh6
43.Rd8 a4 44.Kh4 f6 45.Rd7 Re1 46.Bxf6 Rh1+ 47.Kg3 Bd5 48.g5+  1-0

[Event "WYCC Boys U18"]
[Site "Vung Tau City VIE"]
[Date "2008.10.21"]
[Round "2"]
[White "Le Quang Liem"]
[Black "Garnelis,J"]
[Result "1-0"]
[WhiteElo "2583"]
[BlackElo "2188"]

1.d4 d5 2.c4 e6 3.Nc3 c6 4.e3 Nf6 5.Nf3 Nbd7 6.Qc2 Bd6 7.g4 Nxg4 8.Rg1 Qf6
9.Rxg4 Qxf3 10.Rxg7 Nf6 11.h3 h6 12.Bd2 Bd7 13.Qb3 Ke7 14.c5 Bc7 15.Qxb7 Ba5
16.Bg2 Qf5 17.O-O-O Rhb8 18.Qa6 Bxc3 19.Bxc3 Qxf2 20.Qd3 Rg8 21.Be1 Qf5 22.Qxf5 exf5
23.Rxg8 Rxg8 24.Bf3 Ke6 25.b4 Ne4 26.a4 Rg1 27.Bh4 Rxd1+ 28.Bxd1 Bc8 29.Be2 Nc3
30.Bh5 Ba6 31.Kc2 Ne4 32.b5 Bb7 33.Be2 f6 34.Be1 a6 35.bxa6 Bc8 36.a7 Bb7
37.Ba6  1-0

[Event "12th Essent Open"]
[Site "Hoogeveen NED"]
[Date "2008.10.22"]
[Round "6"]
[White "Goudriaan,E"]
[Black "Balje,J"]
[Result "0-1"]
[WhiteElo "2088"]
[BlackElo "2193"]

1.d4 d5 2.c4 c6 3.Nf3 Nf6 4.Nc3 e6 5.e3 Nbd7 6.Qc2 Bd6 7.g4 h6 8.Rg1 e5 9.cxd5 cxd5
10.h3 e4 11.Nh4 g6 12.Bd2 Nb6 13.O-O-O Bd7 14.f3 Rc8 15.Bg2 Qe7 16.Kb1 Na4
17.Qb3 Nxc3+ 18.Bxc3 Be6 19.Rgf1 exf3 20.Bxf3 O-O 21.Ng2 Ne4 22.Bxe4 dxe4
23.d5 Bd7 24.Bf6 Qe8 25.Qxb7 Bb5 26.Rf2 Rc7 27.Qxc7 Bxc7 28.d6 Bb6 29.Be7 Bd3+
30.Ka1 Qc6 31.h4 Rc8 32.a3 Bd8 33.Nf4 Bxe7 34.dxe7 Re8  0-1

[Event "TCh-CHN Torch Real Estate Cup"]
[Site "Jiangsu Wuxi CHN"]
[Date "2008.10.22"]
[Round "10"]
[White "Wu Wenjin"]
[Black "Yu Yangyi"]
[Result "1/2-1/2"]
[WhiteElo "2442"]
[BlackElo "2356"]

1.Nf3 Nf6 2.c4 c6 3.d4 d5 4.e3 e6 5.Nc3 Nbd7 6.Bd3 dxc4 7.Bxc4 b5 8.Bd3 b4
9.Na4 c5 10.e4 cxd4 11.e5 Nd5 12.O-O Be7 13.Re1 O-O 14.Re4 Bb7 15.Rxd4 Qc7
16.Rc4 Qb8 17.Bg5 Nxe5 18.Nxe5 Qxe5 19.Bxe7 Nxe7 20.Rxb4 Bc6 21.Nc3 Rab8
22.Rxb8 Rxb8 23.Qc2 Ng6 24.Rd1 Qf6 25.Rd2 Qe5 26.Qd1 Qg5 27.Be4 Bxe4 28.Nxe4 Qe5
29.Nc3 h6 30.g3 Qf6 31.Kg2 Ne5 32.Ne4 Qe7 33.Nd6 Qc7 34.Qc2 Qxc2 35.Rxc2 Nd3
36.Rc3 Nxb2 37.Ra3 Rd8 38.Ra6 Nd3 39.Nb5 Rb8 40.a4 Nc5 41.Rxa7 Nxa4 42.Nd6 Nc5
43.Nxf7 Rb7 44.Rxb7 Nxb7 45.Ne5 Kf8 46.Kf3 Ke7 47.Ke4 Kf6 48.Ng4+ Ke7 49.Kd4 Nd6
50.h4 Nf5+ 51.Ke5 Nd6 52.h5 Ne8 53.Ne3 Nf6 54.g4 Nd7+ 55.Ke4 Nf6+ 56.Kf4 Nd7
57.Nc4 Kf6 58.f3 Nc5 59.Ne5 Nb3 60.Nd3 Nd4  1/2-1/2

[Event "24th ECC"]
[Site "Kallithea GRE"]
[Date "2008.10.22"]
[Round "6"]
[White "Schulz,KJ"]
[Black "Malikentzos,S"]
[Result "1-0"]
[WhiteElo "2379"]
[BlackElo "2144"]

1.Nf3 d5 2.d4 Nf6 3.c4 c6 4.Nc3 e6 5.e3 Nbd7 6.Bd3 dxc4 7.Bxc4 b5 8.Be2 Bb7
9.O-O Be7 10.e4 b4 11.e5 bxc3 12.exf6 Bxf6 13.bxc3 c5 14.dxc5 O-O 15.Be3 Qc7
16.Qd6 Rac8 17.Rab1 Ba8 18.Nd4 Qd8 19.c6 Ne5 20.Qxd8 Rfxd8 21.Ba6 Rc7 22.Bf4 Bxc6
23.Rfe1 Bd5 24.Bxe5 Bxe5 25.Rxe5 Bxa2 26.Ra1 Rxc3 27.Nf3 Bd5 28.Re3 Rc7 29.h3 g6
30.Rea3 Rb8 31.Be2 Rb2 32.Kf1 Rcc2 33.Ng1 a6 34.h4 Bc4 35.Bxc4 Rxc4 36.g3 a5
37.Rxa5 Rcc2 38.Nh3 h6 39.Ra7 g5 40.R1a4 f5 41.Rd4  1-0

[Event "Vasylyshyn Mem"]
[Site "Lviv UKR"]
[Date "2008.10.22"]
[Round "2"]
[White "Ipatov,A UKR"]
[Black "Geller,J"]
[Result "1/2-1/2"]
[WhiteElo "2472"]
[BlackElo "2511"]

1.d4 d5 2.c4 e6 3.Nc3 c6 4.e3 Nf6 5.Nf3 Nbd7 6.Qc2 Bd6 7.b3 O-O 8.Be2 Qe7
9.O-O b6 10.Bb2 Bb7 11.Rad1 Rad8 12.Rfe1 Rfe8 13.Bf1 c5 14.cxd5 exd5 15.g3 Bb8
16.Bg2 Nf8 17.dxc5 Qxc5 18.Qb1 Ne6 19.Qa1 Qe7 20.Ne2 Ne4 21.Be5 Bxe5 22.Nxe5 N6c5
23.Nd3 Ba6 24.Nef4 Bxd3 25.Nxd3 Ne6 26.Qb2 b5 27.a3  1/2-1/2

[Event "WYCC Boys U16"]
[Site "Vung Tau City VIE"]
[Date "2008.10.22"]
[Round "3"]
[White "Kannemeyer,W"]
[Black "Lovik,L"]
[Result "0-1"]
[WhiteElo "1896"]
[BlackElo "2167"]

1.d4 Nf6 2.c4 c6 3.Nc3 d5 4.Nf3 e6 5.e3 Nbd7 6.Bd3 dxc4 7.Bxc4 b5 8.Bd3 a6
9.O-O Bb7 10.Re1 Bd6 11.Bd2 O-O 12.Rc1 Rc8 13.h3 Re8 14.Ng5 Bb8 15.Qc2 h6
16.Nge4 c5 17.Nxc5 Nxc5 18.dxc5 Rxc5 19.b4 Qd6 20.f4 Rcc8 21.Bf1 Red8 22.Red1 Qb6
23.Kh2 e5 24.f5 e4+ 25.Kg1 Qc7 26.Be1 Qh2+ 27.Kf2 Bd5 28.Rd4 Bg3+ 29.Ke2 Bc4+
30.Rxc4 Rxc4 31.Qb2 Bxe1 32.Kxe1 Qg3+ 33.Qf2 Qxf2+ 34.Kxf2 Rxb4 35.Rc2 Rc8
36.Ke1 Rb1+ 37.Nxb1 Rxc2  0-1

[Event "WYCC Boys U14"]
[Site "Vung Tau City VIE"]
[Date "2008.10.22"]
[Round "4"]
[White "Van Kampen,R"]
[Black "Urtnasan,N"]
[Result "1/2-1/2"]
[WhiteElo "2307"]
[BlackElo "2075"]

1.d4 d5 2.c4 c6 3.Nf3 Nf6 4.Nc3 e6 5.e3 Nbd7 6.Qc2 Bd6 7.Bd3 O-O 8.O-O e5
9.cxd5 cxd5 10.e4 dxe4 11.Nxe4 Nxe4 12.Bxe4 h6 13.Rd1 Qc7 14.dxe5 Nxe5 15.Qxc7 Nxf3+
16.Bxf3 Bxc7 17.Be3 Be5 18.Bc5 Re8 19.Re1 Bd7 20.Bxb7 Rab8 21.Rxe5 Rxe5 22.Bd6 Ree8
23.Bxb8 Rxb8 24.Be4 Rxb2  1/2-1/2

[Event "24th ECC"]
[Site "Kallithea GRE"]
[Date "2008.10.23"]
[Round "7"]
[White "Hammes,M"]
[Black "Okkes,M"]
[Result "1-0"]
[WhiteElo "2399"]
[BlackElo "2359"]

1.d4 d5 2.c4 e6 3.Nc3 c6 4.e3 Nf6 5.Nf3 Nbd7 6.Qc2 Bd6 7.b3 O-O 8.Be2 b6
9.O-O Bb7 10.Rd1 Qe7 11.Bb2 Rad8 12.e4 dxe4 13.Nxe4 Nxe4 14.Qxe4 f5 15.Qe3 c5
16.dxc5 Bxc5 17.Bd4 f4 18.Bxc5 bxc5 19.Qd2 e5 20.Qd6 Qxd6 21.Rxd6 Bxf3 22.gxf3 Nf6
23.Rad1 Rxd6 24.Rxd6 Rc8 25.Re6 Kf7 26.Ra6 Rc7 27.Bd3 g6 28.Kf1 Ke7 29.Ke2 Nd7
30.Be4 Nb8 31.Ra5 Kd6 32.Kd3 Nd7 33.Kc3 Nb6 34.a3 Ke6 35.Bd3 Kf6 36.b4 Nd7
37.h4 Ke7 38.Be4 Kd6 39.Ra6+ Nb6 40.b5 Ke7 41.a4 Nc8 42.a5 Nd6 43.Bd5 Nf5
44.b6 Rc8 45.b7  1-0

[Event "24th ECC"]
[Site "Kallithea GRE"]
[Date "2008.10.23"]
[Round "7"]
[White "Dambacher,M"]
[Black "Berkvens,J"]
[Result "1-0"]
[WhiteElo "2485"]
[BlackElo "2431"]

1.d4 d5 2.c4 c6 3.Nc3 Nf6 4.e3 e6 5.Nf3 Nbd7 6.b3 Bb4 7.Bd2 O-O 8.Bd3 Qe7
9.O-O e5 10.dxe5 Nxe5 11.Nxe5 Qxe5 12.Nxd5 Nxd5 13.cxd5 Bd6 14.f4 Qxd5 15.Qc2 g6
16.Kh1 Bg4 17.e4 Qc5 18.Bc3 Rad8 19.Rae1 Be7 20.f5 Bh4 21.b4 Qd6 22.Re3 gxf5
23.exf5 Rfe8 24.Re4 h5 25.Rd4 Qxd4 26.Bxd4 Rxd4 27.h3 Re3 28.Bc4 Bd1 29.Qc1 Re5
30.Qh6 Rxc4  1-0

[Event "13th ECC w"]
[Site "Kallithea GRE"]
[Date "2008.10.23"]
[Round "7"]
[White "Maric,A"]
[Black "Cramling,P"]
[Result "1/2-1/2"]
[WhiteElo "2405"]
[BlackElo "2550"]

1.d4 d5 2.c4 c6 3.e3 Nf6 4.Nc3 e6 5.Nf3 a6 6.Qc2 c5 7.cxd5 exd5 8.Be2 Be6
9.O-O Nc6 10.dxc5 Bxc5 11.a3 Rc8 12.b4 Ba7 13.Bb2 O-O 14.Rad1 Qe7 15.Qb1 Rfd8
16.Rfe1 h6 17.h3 b5 18.Bd3 d4 19.exd4 Nxd4 20.Nxd4 Bxd4 21.Ne2 Bxb2 22.Qxb2 Nd5
23.Bb1 Qg5 24.Ng3 Nf4 25.Rxd8+ Rxd8 26.Kh2 Nd3 27.Bxd3 Rxd3 28.Rc1 Bc4 29.Re1 Be6
30.Rc1 Bc4 31.Re1 Be6 32.Rc1 Bc4  1/2-1/2

[Event "13th ECC w"]
[Site "Kallithea GRE"]
[Date "2008.10.23"]
[Round "7"]
[White "Papathanasiou,E"]
[Black "Limontaite,S"]
[Result "0-1"]
[WhiteElo "1582"]
[BlackElo "2197"]

1.d4 d5 2.c4 e6 3.Nc3 c6 4.Nf3 Nf6 5.e3 Nbd7 6.Bd3 dxc4 7.Bxc4 b5 8.Bd3 a6
9.e4 c5 10.e5 cxd4 11.Nxb5 axb5 12.exf6 gxf6 13.O-O Qb6 14.Qe2 b4 15.Rd1 Ra5
16.Bf4 Bc5 17.Nd2 Rg8 18.Nc4 Qc6 19.Be4 Qa6 20.Qc2 Rxa2 21.Rxa2 Qxa2 22.Nd6+ Ke7
23.Nxc8+ Rxc8 24.Bb7 Rd8 25.Bc7 Rh8 26.Bc6 Qa7 27.Bf4 Rc8 28.Bf3 e5 29.Bh6 Qa2
30.Bg4 Rc7 31.Bxd7 Kxd7 32.Qxh7 Ke6 33.Qc2 Bd6 34.Qe2 Qc4 35.Qg4+ Ke7 36.Qg8 Rc8
37.Qh7 Qc2 38.Qxc2 Rxc2 39.Bg7 f5 40.h4 f6 41.h5 Kf7 42.h6 Kg6 43.g3 Rxb2
44.Kg2 b3 45.Rh1 Kh7 46.Bxf6 Rc2 47.Bg5 b2 48.Rb1 d3 49.Kf3 d2 50.Ke2 Rc1  0-1

[Event "24th ECC"]
[Site "Kallithea GRE"]
[Date "2008.10.23"]
[Round "7"]
[White "Fish,G"]
[Black "Kotanjian,T"]
[Result "0-1"]
[WhiteElo "2531"]
[BlackElo "2567"]

1.d4 d5 2.c4 c6 3.Nf3 Nf6 4.Nc3 e6 5.e3 Nbd7 6.Qc2 Bd6 7.Bd3 O-O 8.O-O dxc4
9.Bxc4 b5 10.Be2 Bb7 11.Bd2 a6 12.Ne4 Nxe4 13.Qxe4 Qe7 14.Rac1 f5 15.Qh4 Qxh4
16.Nxh4 g5 17.Nf3 g4 18.Ne1 c5 19.dxc5 Nxc5 20.Nd3 Nxd3 21.Bxd3 Rfd8 22.Ba5 Rdc8
23.Rfd1 Be5 24.b3 Kf7 25.Be2 Kf6 26.f3 h5 27.a4 Bd5 28.f4 Bb2 29.Rxc8 Rxc8
30.axb5 axb5 31.Bxb5 Bc1 32.Bd2 Rc2 33.Rxc1 Rxd2 34.Bf1 h4 35.b4 g3 36.hxg3 hxg3
37.Re1 Rb2 38.b5 Rb3 39.Rd1 Rxe3 40.Rd3 Rxd3 41.Bxd3 Ke7 42.Be2 Kd6 43.Bh5 Kc5
44.Be8 Bc4 45.Bd7 Kb6 46.Kh1 Kc7 47.Be8 Kd8 48.b6 Kc8 49.Bc6 Bd5 50.Bb5 Kb7
51.Kg1 Kxb6 52.Bd7 Bc4  0-1

[Event "24th ECC"]
[Site "Kallithea GRE"]
[Date "2008.10.23"]
[Round "7"]
[White "Siebrecht,S"]
[Black "Haba,P"]
[Result "1/2-1/2"]
[WhiteElo "2451"]
[BlackElo "2546"]

1.d4 d5 2.Nf3 Nf6 3.c4 c6 4.e3 e6 5.Nc3 Nbd7 6.Qc2 Bd6 7.g4 Nxg4 8.Rg1 Qf6
9.Rxg4 Qxf3 10.Rxg7 Nf6 11.h3 h6 12.Bd2 e5 13.cxd5 exd4 14.exd4 Kf8 15.Rg1 Bf5
16.Qb3 Re8+ 17.Be3 Rg8 18.Ne2 Qxd5 19.Bxh6+ Ke7 20.Rxg8 Rxg8 21.Qxb7+ Bd7
22.Qb3 Ne4 23.Qxd5 Bb4+ 24.Nc3 cxd5 25.Bd2 Bxc3 26.bxc3 Rg1 27.O-O-O Bxh3
28.Ba6 Rxd1+ 29.Kxd1 Nxf2+ 30.Ke2 Ne4 31.Be1 Kd7 32.Bb7 Be6 33.Ke3 Nd6 34.Ba6 Nc4+
35.Kf4 Kc6 36.Bh4 Kb6 37.Bxc4  1/2-1/2

[Event "24th ECC"]
[Site "Kallithea GRE"]
[Date "2008.10.23"]
[Round "7"]
[White "Georgiev,Ki"]
[Black "Cheparinov,I"]
[Result "1-0"]
[WhiteElo "2645"]
[BlackElo "2696"]

1.Nf3 Nf6 2.c4 c6 3.Nc3 d5 4.e3 e6 5.d4 Nbd7 6.Bd3 dxc4 7.Bxc4 b5 8.Bd3 a6
9.O-O Bb7 10.a4 b4 11.Ne4 c5 12.Ned2 cxd4 13.exd4 Be7 14.a5 O-O 15.Nc4 Qb8
16.Nfe5 Bd5 17.Bg5 Bxc4 18.Nxc4 Nd5 19.Bxe7 Nxe7 20.Qe2 Nd5 21.g3 Rd8 22.Nd2 N7f6
23.Nb3 Rd6 24.Rfc1 h6 25.Rc5 Qb7 26.Rac1 Nd7 27.R5c4 Rd8 28.Qc2 Ne7 29.Qe2 Nd5
30.Qe4 N7f6 31.Qe5 Ne8 32.R4c2 Ndf6 33.Qe2 Qa8 34.Rc4 Nd5 35.Qc2 Qa7 36.Rc8 Qd7
37.Rc6 Ra8 38.Rxa6 Rdxa6 39.Bxa6 Rxa6 40.Nc5 Qa7 41.Nxa6 Qxa6 42.Qc8 Qb5
43.Rc5 Qa4 44.b3 Qxb3 45.Qxe8+ Kh7 46.Qxf7 Qd1+ 47.Kg2 Qxd4 48.Rc8  1-0

[Event "24th ECC"]
[Site "Kallithea GRE"]
[Date "2008.10.23"]
[Round "7"]
[White "Braun,A"]
[Black "Vitiugov,N"]
[Result "1/2-1/2"]
[WhiteElo "2567"]
[BlackElo "2638"]

1.d4 d5 2.c4 c6 3.Nf3 Nf6 4.Nc3 e6 5.e3 a6 6.b3 Bb4 7.Bd2 Nbd7 8.Bd3 O-O
9.O-O Bd6 10.Qc2 e5 11.cxd5 cxd5 12.dxe5 Nxe5 13.Nxe5 Bxe5 14.Rad1 Bg4 15.f3 Bd7
16.Ne2 Rc8 17.Qb1 Qb6 18.Rc1 Bb8 19.g3 h5 20.Qb2 Bb5 21.Bxb5 axb5 22.Kg2 b4
23.Rxc8 Rxc8 24.Rc1 Re8 25.Qc2 Bd6 26.Nf4 Bxf4 27.gxf4 Qb5 28.Kf2 Qd7 29.Rg1 Qh3
30.Rg2 Qh4+ 31.Kf1 Qh3 32.Kf2 Qh4+ 33.Kf1 Qh3 34.Kf2  1/2-1/2

[Event "Vasylyshyn Mem"]
[Site "Lviv UKR"]
[Date "2008.10.23"]
[Round "4"]
[White "Ipatov,A UKR"]
[Black "Papin,V"]
[Result "1/2-1/2"]
[WhiteElo "2472"]
[BlackElo "2455"]

1.d4 d5 2.c4 e6 3.Nc3 c6 4.e3 Nf6 5.Nf3 Nbd7 6.Qc2 Bd6 7.b3 O-O 8.Be2 Qe7
9.O-O b6 10.Bb2 Bb7 11.Rad1 Rad8 12.Rfe1 Rfe8 13.Bf1 c5 14.cxd5 exd5 15.g3 Rc8
16.Qb1 Ne4 17.dxc5 Rxc5 18.Nb5 Bb8 19.Nbd4 Qf6 20.b4 Rcc8 21.Bg2 Ne5 22.b5 Rc4
23.Re2 Rb4 24.Qa1 Nc4 25.Bc3 Ra4 26.Be1 Ncd6 27.Rc2 h6 28.Qb1 Nc4 29.Qb3 Ra3
30.Qb1 Ra4 31.Qb3 Ra3 32.Qb1  1/2-1/2

[Event "WYCC Boys U16"]
[Site "Vung Tau City VIE"]
[Date "2008.10.23"]
[Round "5"]
[White "Jorczik,J"]
[Black "Adhiban,B"]
[Result "0-1"]
[WhiteElo "2382"]
[BlackElo "2439"]

1.d4 d5 2.c4 c6 3.Nf3 Nf6 4.Nc3 e6 5.e3 Nbd7 6.Qc2 Bd6 7.g4 h6 8.h3 dxc4
9.Bxc4 b5 10.Be2 Bb7 11.e4 b4 12.Na4 Be7 13.O-O c5 14.dxc5 Bxe4 15.Qb3 Qc7
16.Qxb4 Rb8 17.Qc4 Bd5 18.Qc2 Rb4 19.Nc3 Bxc5 20.Kh1 Bxf3+ 21.Bxf3 h5 22.gxh5 Nxh5
23.Ne2 Rh4 24.Bg2 Qe5 25.f4 Qxe2  0-1

[Event "WYCC Girls U18"]
[Site "Vung Tau City VIE"]
[Date "2008.10.23"]
[Round "5"]
[White "Corke,A"]
[Black "Jorgensen,L"]
[Result "1-0"]
[WhiteElo "2301"]
[BlackElo "1946"]

1.d4 d5 2.c4 e6 3.Nc3 c6 4.e3 Nf6 5.Nf3 Nbd7 6.Bd3 dxc4 7.Bxc4 b5 8.Bd3 Bb7
9.e4 b4 10.Na4 c5 11.e5 Nd5 12.Nxc5 Bxc5 13.dxc5 Nxc5 14.Bb5+ Ke7 15.O-O Qb6
16.Qe2 Rac8 17.Bd2 a6 18.Bc4 Rhd8 19.Bg5+ f6 20.exf6+ gxf6 21.Bh6 Rg8 22.Rfd1 Kf7
23.Nh4 Qc7 24.Qh5+ Ke7 25.Bxd5 Bxd5 26.Rxd5 exd5 27.Qxd5 Ne6 28.Nf5+ Kf7
29.Nd6+ Kg6 30.Qxe6 Kxh6 31.Qxf6+ Kh5 32.Nxc8 Qxc8 33.Re1 Rg6 34.Qf4 Rg4
35.Qf3 Kg6 36.h3 Rc4 37.Qd3+ Kh6 38.Qd6+ Kg7 39.Re7+ Kg8 40.Qd5+ Kh8 41.Qe5+ Kg8
42.Qg7+  1-0

[Event "WYCC Boys U16"]
[Site "Vung Tau City VIE"]
[Date "2008.10.24"]
[Round "6"]
[White "Shimanov,A"]
[Black "Bregadze,L"]
[Result "1/2-1/2"]
[WhiteElo "2476"]
[BlackElo "2387"]

1.d4 d5 2.c4 c6 3.Nc3 Nf6 4.e3 e6 5.Nf3 Nbd7 6.Bd3 Bd6 7.O-O dxc4 8.Bxc4 b5
9.Bd3 a6 10.a4 Bb7 11.e4 e5 12.dxe5 Nxe5 13.Nxe5 Bxe5 14.Be3 Qd7 15.Qe2 Ng4
16.Bc5 Bxh2+ 17.Kh1 Qe6 18.g3 Rd8 19.Kg2 Bc8 20.f4 Bxg3 21.Kxg3 Nh2 22.Kxh2 Qh3+
23.Kg1 Rxd3 24.Rf2 Bg4 25.Qc2 Rg3+ 26.Rg2 Bf3 27.Rxg3 Qxg3+ 28.Kf1 Qh3+ 29.Ke1 Qh1+
30.Kd2 Qxa1 31.Qd3 Qxb2+ 32.Ke3 Bg4 33.e5 Qc1+ 34.Kf2 Qxf4+ 35.Kg1 Bf5 36.Qd6 Qg3+
37.Kh1 Qh3+ 38.Kg1 Qg3+ 39.Kh1 Qh3+ 40.Kg1 Qg3+  1/2-1/2

[Event "Magistral Endesa GM"]
[Site "Endesa CHI"]
[Date "2008.10.25"]
[Round "4"]
[White "Valenzuela Fuentealba,L"]
[Black "Michel Yunis,C"]
[Result "1/2-1/2"]
[WhiteElo "2434"]
[BlackElo "2368"]

1.d4 d5 2.c4 e6 3.Nf3 c6 4.Nc3 Nf6 5.e3 Nbd7 6.Qc2 Bd6 7.Bd3 O-O 8.O-O dxc4
9.Bxc4 e5 10.Bd2 Qe7 11.Bb3 h6 12.Nh4 Re8 13.Nf5 Qf8 14.Rae1 Nb6 15.f4 exd4
16.exd4 Bxf5 17.Qxf5 Rxe1 18.Rxe1 Re8 19.Rxe8  1/2-1/2

[Event "12th Corsica Masters"]
[Site "Bastia/Ajaccio FRA"]
[Date "2008.10.26"]
[Round "5"]
[White "Malakhatko,V"]
[Black "Sibirko,I"]
[Result "1-0"]
[WhiteElo "2633"]
[BlackElo "2109"]

1.d4 d5 2.c4 c6 3.Nc3 Nf6 4.e3 e6 5.Nf3 Nbd7 6.Bd3 dxc4 7.Bxc4 b5 8.Bd3 a6
9.e4 c5 10.d5 c4 11.Bc2 Qc7 12.O-O Bd6 13.dxe6 fxe6 14.Nd4 Nc5 15.f4 e5 16.Ndxb5 axb5
17.Nxb5 Qb6 18.Nxd6+ Ke7 19.Nxc4 Ng8  1-0

[Event "Grand Prix CCAS"]
[Site "Cap D'Agde FRA"]
[Date "2008.10.26"]
[Round "2"]
[White "Mullon,J"]
[Black "Wunderman,X"]
[Result "0-1"]
[WhiteElo "2354"]
[BlackElo "2164"]

1.d4 d5 2.Nf3 Nf6 3.c4 c6 4.Nc3 e6 5.e3 Nbd7 6.Bd3 dxc4 7.Bxc4 b5 8.Bb3 Bb7
9.e4 b4 10.e5 bxc3 11.exf6 Bb4 12.fxg7 c2+ 13.Qd2 Bxd2+ 14.Bxd2 Rg8  0-1

[Event "92nd ch-Marshall CC"]
[Site "New York USA"]
[Date "2008.10.26"]
[Round "8"]
[White "Hulse,B"]
[Black "Korley,K"]
[Result "1/2-1/2"]
[WhiteElo "2224"]
[BlackElo "2082"]

1.d4 d5 2.Nf3 Nf6 3.c4 c6 4.e3 e6 5.Nc3 Nbd7 6.Qc2 Be7 7.Be2 O-O 8.O-O b6
9.e4 dxe4 10.Nxe4 Bb7 11.Bg5 c5 12.Nxf6+ Bxf6 13.Bxf6 Qxf6 14.Rad1 cxd4 15.Nxd4 Ne5
16.f4 Ng6 17.g3 e5 18.fxe5 Qxe5 19.Bf3 Bxf3 20.Nxf3 Qc5+ 21.Rf2 Rad8  1/2-1/2